Scramble European Cities #3 - Statistics

General Stats
  • This quiz has been taken 29 times
  • The average score is 13 of 15
Answer Stats
Country Answer % Correct
Spain Valencia
96%
Germany Bonn
92%
Belgium Antwerp
88%
France Marseille
88%
Montenegro Podgorica
88%
Greece Thessaloniki
88%
Scotland, UK Dumfries
85%
Germany Frankfurt
85%
England,UK Manchester
85%
Germany Munich
85%
Sweden Stockholm
85%
Italy Venice
85%
Netherlands Rotterdam
81%
Poland Warsaw
81%
Norway Stavanger
77%
No matching quizzes found
Score Distribution
Percent of People with Each Score
Percentile by Number Answered
Your Score History
You have not taken this quiz